=LDR 00000nam 2200000 4500 =001 INLIS000000000021494 =005 20130612120343 =008 ***********************************Ind** =035 ##$$0010-061300000021494 =041 ##$$a Ind =082 ##$$a 420.7 =090 ##$$a 420.7, Min u =100 ##$$a MINGKID, Hermanus Karel =245 ##$$a Uraian mata pelajaran English for the SLTP 3, Hermanus Karel Mingkid =260 ##$$a 1995 $b Bandung =300 ##$$a 200 hlm, Ilus, 21 cm =850 ##$$a NBPNMAT